000
003150000a22001450004500
003
MACL
040
_a
MACL
090
_c
31378
_d
31376
100
_a
Leon, Alexis
245
_a
Internet in a Nutshell
260
_b
Leon Techworld
_c
1998
350
_a
140
650
_a
Computer Science
942
_c
BOOK
_k
004.678/LEO
999
_c
31063
_d
31063